Abode under the dome : (Record no. 102357)

MARC details
000 -LEADER
fixed length control field 00909cam a22001935i 4500
005 - DATE AND TIME OF LATEST TRANSACTION
control field 20180228121125.0
010 ## - LCCN (DPL NO)
LC control number 1617EN B-663881
020 ## - INTERNATIONAL STANDARD BOOK NUMBER
International Standard Book Number 9788123020204
Terms of availability 2300.00
035 ## - SYSTEM CONTROL NUMBER
System control number B-647724-727
035 ## - SYSTEM CONTROL NUMBER
System control number B-663881
037 ## - SOURCE OF ACQUISITION
Source of stock number/acquisition Bookwell
Stock number dpl
082 ## - DEWEY DECIMAL CLASSIFICATION NUMBER
Classification number 327.54
100 1# - MAIN ENTRY--PERSONAL NAME
Personal name Mathew, Thomas,
245 10 - TITLE STATEMENT
Title Abode under the dome :
Remainder of title state guests at Raisina Hill: 1947-67 and their subsequent visits /
Statement of responsibility, etc Thomas Mathew.
300 ## - PHYSICAL DESCRIPTION
Extent xlix, 328 pages :
Other physical details illustrations (black and white, and color), maps (color) ;
Dimensions 30 cm
942 ## - ADDED ENTRY ELEMENTS (KOHA)
Source of classification or shelving scheme Dewey Decimal Classification
Item type English Books
Classification part 327.54
Call number suffix MAT
Holdings
Withdrawn status Lost status Not for loan Collection code Home library Current library Date acquired Source of acquisition Cost, normal purchase price Full call number Barcode Copy number Cost, replacement price Koha item type
      Non-fiction Ashok Vihar Ashok Vihar 28/02/2018 Bookwell-BL 1028/25.2.17/443/15.2.17/1.3.17 2300.00 327.54 MAT B-663881 1 2300.00 English Books
    Not For Loan Reference Central Library Central Library 08/03/2017 BPPD/EN/2016-17/287/24.11.2016/0716/7.12.2016/2.1.2017 2300.00 327.54 MAT B-647724 1 2300.00 English Books
    Not For Loan Reference Janak Puri Janak Puri 08/03/2017 BPPD/EN/2016-17/287/24.11.2016/0716/7.12.2016/2.1.2017 2300.00 327.54 MAT B-647726 1 2300.00 English Books
    Not For Loan Reference Patel Nagar Patel Nagar 08/03/2017 BPPD/EN/2016-17/287/24.11.2016/0716/7.12.2016/2.1.2017 2300.00 327.54 MAT B-647725 1 2300.00 English Books
    Not For Loan Reference Sarojini Nagar Sarojini Nagar 08/03/2017 BPPD/EN/2016-17/287/24.11.2016/0716/7.12.2016/2.1.2017 2300.00 327.54 MAT B-647727 1 2300.00 English Books

© Delhi Public Library
Hit Counter
free hit counter